| 000 | 00864nam a22002177a 4500 | ||
|---|---|---|---|
| 003 | BD-DhJNU | ||
| 005 | 20260219044158.0 | ||
| 008 | 260219b |||||||| |||| 00| 0 eng d | ||
| 020 | _a9789849727552 | ||
| 040 |
_aBD-DhJNU _bBEN _cBD-DhJNU _dBD-DhJNU |
||
| 082 |
_223 _a954.025 |
||
| 100 | _aসরকার, যদুনাথ | ||
| 242 |
_aMughal India / _cJadunath Sarkar |
||
| 245 |
_a মুঘল ভারত / _cযদুনাথ সরকার |
||
| 260 |
_aঢাকা : _bদিব্যপ্রকাশ, _c2024. |
||
| 300 |
_a১৫২ পৃ. : _c২১ সেমি.। |
||
| 504 | _aগ্রন্থপঞ্জিগত নির্দেশিকা ও নিঘন্ট অন্তভূক্ত | ||
| 650 | _aMogul Empire -- History | ||
| 650 | _aভারত -- ইতিহাস -- মুঘল আমল | ||
| 942 |
_2ddc _cBK _n0 |
||
| 999 |
_c2640 _d2640 |
||